| 000 | 00680nam a2200253Ia 4500 | ||
|---|---|---|---|
| 003 | OSt | ||
| 005 | 20221006142550.0 | ||
| 006 | a|||||r|||| 00| 0 | ||
| 007 | ta | ||
| 008 | 221006b |||||||| |||| 00| 0 eng d | ||
| 020 |
_c _6.00 |
||
| 024 | _a6,610 | ||
| 037 | _cTextual | ||
| 040 |
_aEASL _cEASL _beng |
||
| 041 |
_2eng _aeng |
||
| 082 | _aY:1:6.49E.N1, E1 | ||
| 100 |
_aReinsch Paul S. _9647939 |
||
| 245 | 0 | _aIntellectual and political currents in the Far East | |
| 260 |
_aBoston _bHoughton Mifflin Co. _c1911 |
||
| 300 |
_a396p. _ccm. |
||
| 490 | _v Oth | ||
| 942 |
_hY:1:6.49E.N1, E1 _cTEXL _2CC |
||
| 999 |
_c1074696 _d1074696 |
||